[Event "African Games-chT 2019"]
[Site "Casablanca"]
[Date "2019.08.25"]
[Round "7.21"]
[White "Gohil, Mehul"]
[Black "Adu, Oladapo"]
[Result "0-1"]
[WhiteElo "2076"]
[BlackElo "2273"]
[Annotator "ChessBase"]
[PlyCount "96"]
[EventDate "2019.08.24"]
[EventType "team-tourn"]
[EventCountry "MAR"]
[SourceTitle "playchess.com"]
[Source "ChessBase"]
[SourceQuality "1"]
[WhiteTeam "Kenya"]
[BlackTeam "Nigeria"]
[WhiteTeamCountry "KEN"]
[BlackTeamCountry "NGR"]
[TimeControl "900+10"]

1. d4 {[%emt 0:00:00]} d5 {[%emt 0:00:54]} 2. c4 {[%emt 0:00:00]} c6 {[%emt 0:00:07]} 3. Nf3 {[%emt 0:00:04]} Nf6 {[%emt 0:00:03]} 4. e3 {[%emt 0:00:05]} a6 {[%emt 0:00:04]} 5. b3 {[%emt 0:00:10]} Bf5 {[%emt 0:00:11]} 6. Bb2 {[%emt 0:00:10]} e6 {[%emt 0:00:07]} 7. Be2 {[%emt 0:00:26]} Bxb1 {[%emt 0:00:31]} 8. Qxb1 {[%emt 0:02:21]} Bb4+ {[%emt 0:00:05]} 9. Kf1 {[%emt 0:00:05]} Ne4 {[%emt 0:00:07]} 10. a3 {[%emt 0:02:18]} Bd6 {[%emt 0:00:52]} 11. g3 {[%emt 0:00:10]} O-O {[%emt 0:00:07]} 12. Kg2 {[%emt 0:00:09]} f5 {[%emt 0:00:03]} 13. Ne5 {[%emt 0:00:56]} Nd7 {[%emt 0:00:26]} 14. f3 {[%emt 0:01:17]} Nef6 {[%emt 0:00:03]} 15. Re1 {[%emt 0:01:41]} Qc7 {[%emt 0:00:06]} 16. Nxd7 {[%emt 0:00:35]} Qxd7 {[%emt 0:00:14]} 17. Bd3 {[%emt 0:00:16]} g6 {[%emt 0:00:23]} 18. Qc2 {[%emt 0:00:23]} Rae8 {[%emt 0:00:09]} 19. Rad1 {[%emt 0:00:11]} Qe7 {[%emt 0:00:13]} 20. b4 {[%emt 0:00:18]} Nh5 {[%emt 0:00:17]} 21. Bc1 {[%emt 0:01:41]} Qc7 {[%emt 0:00:24]} 22. Kg1 {[%emt 0:01:46]} Qg7 {[%emt 0:00:16]} 23. Bf1 {[%emt 0:00:19]} Nf6 {[%emt 0:00:35]} 24. Bg2 {[%emt 0:00:03]} h5 {[%emt 0:00:38]} 25. Bb2 {[%emt 0:00:07]} h4 {[%emt 0:00:19]} 26. gxh4 {[%emt 0:00:46]} Qh6 {[%emt 0:01:33]} 27. e4 {[%emt 0:00:14]} Nh5 {[%emt 0:00:15]} 28. e5 {[%emt 0:00:08]} Be7 {[%emt 0:00:04]} 29. Bc1 {[%emt 0:01:04]} f4 {[%emt 0:00:10]} 30. Bf1 {[%emt 0:00:06]} Bxh4 {[%emt 0:00:12]} 31. Re2 {[%emt 0:00:02]} Kf7 {[%emt 0:04:06]} 32. Rg2 {[%emt 0:00:06]} Bd8 {[%emt 0:00:15]} 33. Bd3 {[%emt 0:00:12]} Rg8 {[%emt 0:00:25]} 34. Kf2 {[%emt 0:00:28]} Bb6 {[%emt 0:00:15]} 35. c5 {[%emt 0:00:01]} Bd8 {[%emt 0:00:01]} 36. Rdg1 {[%emt 0:00:02]} g5 {[%emt 0:00:05]} 37. Ke1 {[%emt 0:00:25]} Ref8 {[%emt 0:00:10]} 38. Kd1 {[%emt 0:00:07]} Ke8 {[%emt 0:00:09]} 39. a4 {[%emt 0:00:04]} Kd7 {[%emt 0:00:03]} 40. Bd2 {[%emt 0:00:43]} Be7 {[%emt 0:00:15]} 41. Be1 {[%emt 0:00:04]} Ng7 {[%emt 0:00:14]} 42. b5 {[%emt 0:00:18]} axb5 {[%emt 0:00:07]} 43. axb5 {[%emt 0:00:01]} Ra8 {[%emt 0:00:09]} 44. b6 {[%emt 0:00:04]} Ra1+ {[%emt 0:00:11]} 45. Ke2 {[%emt 0:00:10]} Rga8 {[%emt 0:00:02]} 46. Kf1 {[%emt 0:00:45]} Qh3 {[%emt 0:00:11]} 47. Be2 {[%emt 0:00:13]} Nf5 {[%emt 0:00:33]} 48. Kf2 {[%emt 0:00:01]} Qh4+ {[%emt 0:00:07]} 0-1

[Event "African Games-chT 2019"]
[Site "Casablanca"]
[Date "2019.08.25"]
[Round "7.22"]
[White "Osunfuyi, Abimbola"]
[Black "Sang, Ricky"]
[Result "1-0"]
[WhiteElo "2235"]
[BlackElo "1971"]
[Annotator "ChessBase"]
[PlyCount "39"]
[EventDate "2019.08.24"]
[EventType "team-tourn"]
[EventCountry "MAR"]
[SourceTitle "playchess.com"]
[Source "ChessBase"]
[SourceQuality "1"]
[WhiteTeam "Nigeria"]
[BlackTeam "Kenya"]
[WhiteTeamCountry "NGR"]
[BlackTeamCountry "KEN"]
[TimeControl "900+10"]

1. c4 {[%emt 0:00:00]} e5 {[%emt 0:00:00]} 2. g3 {[%emt 0:00:00]} Nf6 {[%emt 0:00:27]} 3. Bg2 {[%emt 0:00:00]} c6 {[%emt 0:00:06]} 4. Nf3 {[%emt 0:00:00]} d6 {[%emt 0:00:04]} 5. Nc3 {[%emt 0:00:15]} Bf5 {[%emt 0:00:23]} 6. d3 {[%emt 0:00:14]} Be7 {[%emt 0:00:08]} 7. Qb3 {[%emt 0:00:10]} Qb6 {[%emt 0:00:10]} 8. Be3 {[%emt 0:00:04]} Qc7 {[%emt 0:01:17]} 9. O-O {[%emt 0:00:10]} O-O {[%emt 0:00:07]} 10. h3 {[%emt 0:00:02]} Nbd7 11. d4 exd4 {[%emt 0:01:46]} 12. Bxd4 {[%emt 0:00:25]} h6 {[%emt 0:00:19]} 13. Rfe1 {[%emt 0:00:14]} Ne4 {[%emt 0:01:19]} 14. Nxe4 {[%emt 0:00:58]} Bxe4 {[%emt 0:00:14]} 15. Qe3 {[%emt 0:00:05]} Bxf3 {[%emt 0:01:33]} 16. exf3 {[%emt 0:00:56]} Bf6 {[%emt 0:00:37]} 17. Rad1 {[%emt 0:00:04]} Ne5 {[%emt 0:02:38]} 18. b3 {[%emt 0:00:14]} Rfe8 {[%emt 0:01:09]} 19. Qd2 {[%emt 0:01:17]} Be7 {[%emt 0:00:37]} 20. f4 {[%emt 0:00:05]} 1-0

[Event "African Games-chT 2019"]
[Site "Casablanca"]
[Date "2019.08.25"]
[Round "7.23"]
[White "Ndirangu, Joyce Nyaruai"]
[Black "Ogbiyoyo, Perpetual Eloho"]
[Result "1-0"]
[WhiteElo "1662"]
[BlackElo "1831"]
[Annotator "NA"]
[PlyCount "67"]
[EventDate "2019.08.24"]
[EventType "team-tourn"]
[EventCountry "MAR"]
[SourceTitle "playchess.com"]
[Source "ChessBase"]
[SourceQuality "1"]
[WhiteTeam "Kenya"]
[BlackTeam "Nigeria"]
[WhiteTeamCountry "KEN"]
[BlackTeamCountry "NGR"]
[TimeControl "900+10"]

1. d4 {[%emt 0:00:00]} f5 {[%emt 0:00:00]} 2. Bf4 {[%emt 0:00:00]} Nf6 {[%emt 0:00:00]} 3. e3 {[%emt 0:00:00]} g6 {[%emt 0:00:00]} 4. Be2 {[%emt 0:00:12]} Bg7 {[%emt 0:00:02]} 5. h3 {[%emt 0:00:08]} d6 {[%emt 0:00:04]} 6. Nf3 {[%emt 0:00:04]} e6 {[%emt 0:00:05]} 7. c4 {[%emt 0:00:17]} O-O {[%emt 0:00:07]} 8. Nc3 {[%emt 0:00:01]} h6 {[%emt 0:00:18]} 9. Qb3 {[%emt 0:01:30]} Kh7 {[%emt 0:02:01]} 10. c5 {[%emt 0:00:07]} d5 {[%emt 0:01:33]} 11. Nb5 {[%emt 0:03:51]} Na6 {[%emt 0:00:28]} 12. Na3 {[%emt 0:00:42]} Ne4 {[%emt 0:01:17]} 13. Bxa6 {[%emt 0:02:15]} bxa6 {[%emt 0:00:03]} 14. c6 {[%emt 0:00:03]} g5 {[%emt 0:01:59]} 15. Bh2 {[%emt 0:01:09]} g4 {[%emt 0:00:13]} 16. Nd2 {[%emt 0:00:49]} Qh4 {[%emt 0:01:37]} 17. Nxe4 {[%emt 0:00:02]} fxe4 {[%emt 0:00:02]} 18. Bg3 {[%emt 0:00:03]} Qg5 {[%emt 0:02:02]} 19. hxg4 {[%emt 0:00:08]} Qxg4 {[%emt 0:00:06]} 20. Rh4 {[%emt 0:00:14]} Qg5 21. O-O-O {[%emt 0:00:19]} Qg6 {[%emt 0:02:16]} 22. Rdh1 {[%emt 0:01:24]} Qe8 {[%emt 0:00:18]} 23. Qc2 {[%emt 0:00:53]} Rf6 {[%emt 0:00:50]} 24. Bxc7 {[%emt 0:00:56]} e5 {[%emt 0:00:14]} 25. Ba5 {[%emt 0:02:06]} Rxc6 {[%emt 0:00:12]} 26. Bc3 {[%emt 0:00:01]} exd4 {[%emt 0:00:13]} 27. exd4 {[%emt 0:00:01]} Bxd4 {[%emt 0:00:57]} 28. Qd2 {[%emt 0:01:09]} Bxc3 {[%emt 0:00:58]} 29. Rxh6+ {[%emt 0:00:03]} Kg8 {[%emt 0:01:17]} 30. bxc3 {[%emt 0:00:24]} Rxh6 {[%emt 0:00:33]} 31. Qxh6 {[%emt 0:00:04]} Qe6 {[%emt 0:00:13]} 32. Qg5+ {[%emt 0:00:11]} Kf7 33. Rh7+ Ke8 34. Qg7 1-0

[Event "African Games-chT 2019"]
[Site "Casablanca"]
[Date "2019.08.25"]
[Round "7.24"]
[White "Ofowino, Toritsemuwa"]
[Black "Mongeli, Sasha"]
[Result "1-0"]
[WhiteElo "1877"]
[BlackElo "1527"]
[Annotator "NA"]
[PlyCount "105"]
[EventDate "2019.08.24"]
[EventType "team-tourn"]
[EventCountry "MAR"]
[SourceTitle "playchess.com"]
[Source "ChessBase"]
[SourceQuality "1"]
[WhiteTeam "Nigeria"]
[BlackTeam "Kenya"]
[WhiteTeamCountry "NGR"]
[BlackTeamCountry "KEN"]
[TimeControl "900+10"]

1. d4 {[%emt 0:00:00]} Nf6 {[%emt 0:00:00]} 2. Bf4 {[%emt 0:00:00]} d5 {[%emt 0:00:00]} 3. e3 {[%emt 0:00:00]} Bf5 {[%emt 0:00:04]} 4. c4 {[%emt 0:00:04]} c6 {[%emt 0:00:12]} 5. Nc3 {[%emt 0:00:03]} e6 {[%emt 0:00:10]} 6. Qb3 {[%emt 0:00:02]} Qb6 {[%emt 0:00:44]} 7. c5 {[%emt 0:00:09]} Qxb3 {[%emt 0:00:19]} 8. axb3 {[%emt 0:00:01]} Nbd7 {[%emt 0:00:25]} 9. b4 {[%emt 0:00:02]} Be7 {[%emt 0:00:32]} 10. b5 {[%emt 0:00:13]} Ne4 {[%emt 0:00:38]} 11. bxc6 {[%emt 0:00:49]} bxc6 {[%emt 0:00:05]} 12. Ba6 {[%emt 0:00:06]} e5 {[%emt 0:01:48]} 13. Bg3 {[%emt 0:02:03]} Nxg3 {[%emt 0:01:51]} 14. hxg3 {[%emt 0:00:02]} Rb8 {[%emt 0:00:02]} 15. Ra2 {[%emt 0:00:28]} exd4 {[%emt 0:00:28]} 16. exd4 {[%emt 0:00:02]} Bf6 {[%emt 0:00:47]} 17. Nge2 {[%emt 0:00:01]} h6 {[%emt 0:00:31]} 18. O-O {[%emt 0:00:02]} O-O {[%emt 0:00:05]} 19. Rd1 {[%emt 0:01:30]} Rfe8 {[%emt 0:00:37]} 20. Bd3 {[%emt 0:00:48]} Bxd3 {[%emt 0:00:46]} 21. Rxd3 {[%emt 0:00:00]} Rb7 {[%emt 0:00:03]} 22. Kf1 {[%emt 0:00:43]} Nf8 {[%emt 0:00:40]} 23. Nd1 {[%emt 0:00:23]} Ne6 {[%emt 0:00:20]} 24. Ra6 {[%emt 0:02:04]} Rc8 {[%emt 0:00:21]} 25. Ke1 {[%emt 0:00:05]} Kf8 {[%emt 0:00:36]} 26. Kd2 {[%emt 0:00:01]} Ke7 {[%emt 0:00:06]} 27. Kc3 {[%emt 0:00:01]} Kd7 {[%emt 0:00:06]} 28. Ne3 {[%emt 0:00:22]} Nc7 {[%emt 0:00:08]} 29. Ra2 {[%emt 0:00:53]} g6 {[%emt 0:00:32]} 30. Ng4 {[%emt 0:00:05]} Bg7 {[%emt 0:00:06]} 31. f4 {[%emt 0:00:03]} f6 {[%emt 0:01:00]} 32. Kc2 {[%emt 0:00:55]} h5 {[%emt 0:00:39]} 33. Ne3 {[%emt 0:00:01]} Re8 {[%emt 0:00:29]} 34. Kd2 {[%emt 0:00:16]} Reb8 {[%emt 0:00:15]} 35. Nd1 {[%emt 0:00:03]} Nb5 {[%emt 0:00:29]} 36. Rb3 {[%emt 0:00:08]} f5 {[%emt 0:00:21]} 37. Kd3 {[%emt 0:00:01]} Re8 {[%emt 0:00:25]} 38. Ndc3 {[%emt 0:00:05]} Reb8 {[%emt 0:00:11]} 39. Nxb5 {[%emt 0:00:06]} cxb5 {[%emt 0:00:24]} 40. Ra6 {[%emt 0:00:02]} Ke7 {[%emt 0:02:06]} 41. Rba3 {[%emt 0:00:25]} Kf7 {[%emt 0:00:27]} 42. b4 {[%emt 0:00:22]} Bf6 {[%emt 0:00:26]} 43. Rxa7 {[%emt 0:00:05]} Rxa7 {[%emt 0:00:15]} 44. Rxa7+ {[%emt 0:00:01]} Kg8 {[%emt 0:00:27]} 45. Nc3 {[%emt 0:00:06]} Bg7 {[%emt 0:00:26]} 46. Nxd5 {[%emt 0:00:13]} Rd8 {[%emt 0:00:15]} 47. Ne7+ {[%emt 0:00:01]} Kh8 {[%emt 0:00:02]} 48. d5 {[%emt 0:00:03]} Kh7 {[%emt 0:00:17]} 49. d6 {[%emt 0:00:03]} Kh6 {[%emt 0:00:24]} 50. Rb7 {[%emt 0:00:15]} Bf6 {[%emt 0:00:15]} 51. Nd5 {[%emt 0:00:04]} Bb2 {[%emt 0:00:27]} 52. Rxb5 {[%emt 0:00:03]} Rd7 {[%emt 0:00:22]} 53. Rb8 {[%emt 0:00:12]} 1-0

[Event "African Games-chT 2019"]
[Site "Casablanca"]
[Date "2019.08.25"]
[Round "7.25"]
[White "Beukes, Dante M"]
[Black "Marie, Patrick"]
[Result "1-0"]
[WhiteElo "2130"]
[BlackElo "1921"]
[Annotator "NA"]
[PlyCount "45"]
[EventDate "2019.08.24"]
[EventType "team-tourn"]
[EventCountry "MAR"]
[SourceTitle "playchess.com"]
[Source "ChessBase"]
[SourceQuality "1"]
[WhiteTeam "Namibia"]
[BlackTeam "Mauritius"]
[WhiteTeamCountry "NAM"]
[BlackTeamCountry "MRI"]
[TimeControl "900+10"]

1. e4 {[%emt 0:00:00]} c5 {[%emt 0:00:00]} 2. Nf3 {[%emt 0:00:02]} Nc6 {[%emt 0:00:00]} 3. Bb5 {[%emt 0:00:03]} g6 {[%emt 0:00:26]} 4. Bxc6 {[%emt 0:00:03]} bxc6 {[%emt 0:00:02]} 5. O-O {[%emt 0:00:05]} Bg7 {[%emt 0:00:01]} 6. Re1 {[%emt 0:00:02]} d6 {[%emt 0:00:06]} 7. h3 {[%emt 0:00:58]} e6 {[%emt 0:00:38]} 8. c3 {[%emt 0:00:04]} Ne7 {[%emt 0:00:02]} 9. d4 {[%emt 0:00:05]} cxd4 {[%emt 0:00:03]} 10. cxd4 {[%emt 0:00:01]} O-O {[%emt 0:00:03]} 11. Nc3 {[%emt 0:00:08]} Rb8 {[%emt 0:00:04]} 12. Rb1 {[%emt 0:00:31]} c5 {[%emt 0:00:40]} 13. Be3 {[%emt 0:00:13]} cxd4 {[%emt 0:01:41]} 14. Bxd4 {[%emt 0:00:27]} Nc6 {[%emt 0:00:19]} 15. Bxg7 {[%emt 0:00:04]} Kxg7 {[%emt 0:00:02]} 16. Qd2 {[%emt 0:00:16]} Qc7 {[%emt 0:00:29]} 17. Rbc1 {[%emt 0:02:25]} Qb6 {[%emt 0:01:20]} 18. Na4 {[%emt 0:02:01]} Qb4 {[%emt 0:01:38]} 19. Rxc6 {[%emt 0:00:29]} Qxa4 {[%emt 0:00:02]} 20. Qxd6 {[%emt 0:01:46]} Qxa2 {[%emt 0:01:51]} 21. Qxb8 {[%emt 0:00:20]} Bd7 {[%emt 0:00:24]} 22. Qe5+ {[%emt 0:00:05]} f6 {[%emt 0:00:05]} 23. Qc7 {[%emt 0:00:04]} 1-0

[Event "African Games-chT 2019"]
[Site "Casablanca"]
[Date "2019.08.25"]
[Round "7.26"]
[White "Naipal, Hoolan"]
[Black "Eichab, Charles"]
[Result "0-1"]
[WhiteElo "1785"]
[BlackElo "2016"]
[Annotator "NA"]
[PlyCount "80"]
[EventDate "2019.08.24"]
[EventType "team-tourn"]
[EventCountry "MAR"]
[SourceTitle "playchess.com"]
[Source "ChessBase"]
[SourceQuality "1"]
[WhiteTeam "Mauritius"]
[BlackTeam "Namibia"]
[WhiteTeamCountry "MRI"]
[BlackTeamCountry "NAM"]
[TimeControl "900+10"]

1. e4 {[%emt 0:00:00]} e6 {[%emt 0:00:00]} 2. d4 {[%emt 0:00:00]} d5 {[%emt 0:00:00]} 3. Nd2 {[%emt 0:00:00]} Nf6 {[%emt 0:00:00]} 4. e5 {[%emt 0:00:09]} Nfd7 {[%emt 0:00:00]} 5. Bd3 {[%emt 0:00:02]} c5 {[%emt 0:00:02]} 6. c3 {[%emt 0:00:03]} Nc6 {[%emt 0:00:03]} 7. Ne2 {[%emt 0:00:02]} Qb6 {[%emt 0:00:47]} 8. Nf3 {[%emt 0:00:02]} f6 {[%emt 0:00:54]} 9. exf6 {[%emt 0:00:03]} Nxf6 {[%emt 0:00:02]} 10. O-O {[%emt 0:00:07]} Bd6 {[%emt 0:00:03]} 11. Bf4 {[%emt 0:02:46]} Bxf4 {[%emt 0:01:20]} 12. Nxf4 {[%emt 0:00:02]} O-O {[%emt 0:00:02]} 13. Re1 {[%emt 0:04:17]} cxd4 {[%emt 0:06:00]} 14. cxd4 {[%emt 0:00:31]} Qxb2 {[%emt 0:04:50]} 15. Re2 {[%emt 0:03:00]} Qb6 {[%emt 0:00:13]} 16. Nxe6 {[%emt 0:00:28]} Bxe6 {[%emt 0:00:27]} 17. Rxe6 {[%emt 0:00:03]} Rae8 {[%emt 0:00:06]} 18. Qe2 {[%emt 0:01:40]} Nxd4 {[%emt 0:00:45]} 19. Nxd4 {[%emt 0:00:28]} Qxd4 {[%emt 0:00:07]} 20. Re1 {[%emt 0:00:13]} Ne4 {[%emt 0:01:18]} 21. Bxe4 {[%emt 0:00:43]} dxe4 {[%emt 0:00:05]} 22. Rxe8 {[%emt 0:00:48]} Rxe8 {[%emt 0:00:03]} 23. Qe3 {[%emt 0:00:22]} Qxe3 {[%emt 0:00:38]} 24. Rxe3 {[%emt 0:00:02]} Kf7 {[%emt 0:00:02]} 25. Kf1 {[%emt 0:00:18]} Kf6 {[%emt 0:00:13]} 26. Ke2 {[%emt 0:00:06]} Rc8 {[%emt 0:00:17]} 27. Rxe4 {[%emt 0:00:06]} Rc2+ {[%emt 0:00:02]} 28. Kf3 {[%emt 0:00:05]} Rxa2 {[%emt 0:00:01]} 29. Rb4 {[%emt 0:00:37]} Ra3+ {[%emt 0:00:09]} 30. Ke4 {[%emt 0:00:14]} b6 {[%emt 0:00:10]} 31. f4 {[%emt 0:00:24]} Ra2 {[%emt 0:00:19]} 32. Kf3 {[%emt 0:00:08]} Rd2 {[%emt 0:00:09]} 33. h3 {[%emt 0:00:40]} Rd6 {[%emt 0:00:14]} 34. Ke4 {[%emt 0:00:40]} a5 {[%emt 0:00:12]} 35. Rb5 {[%emt 0:00:10]} Ke6 {[%emt 0:00:16]} 36. g4 {[%emt 0:00:12]} Kd7 {[%emt 0:00:03]} 37. Ke5 {[%emt 0:00:48]} Rc6 {[%emt 0:00:28]} 38. Rd5+ {[%emt 0:00:37]} Ke7 {[%emt 0:00:27]} 39. f5 {[%emt 0:00:03]} a4 {[%emt 0:00:22]} 40. h4 {[%emt 0:00:23]} Rc5 {[%emt 0:00:12]} 0-1

[Event "African Games-chT 2019"]
[Site "Casablanca"]
[Date "2019.08.25"]
[Round "7.27"]
[White "Tjaronda, Nicola"]
[Black "Essoo, Uvika"]
[Result "1-0"]
[WhiteElo "1545"]
[BlackElo "1187"]
[Annotator "NA"]
[PlyCount "47"]
[EventDate "2019.08.24"]
[EventType "team-tourn"]
[EventCountry "MAR"]
[SourceTitle "playchess.com"]
[Source "ChessBase"]
[SourceQuality "1"]
[WhiteTeam "Namibia"]
[BlackTeam "Mauritius"]
[WhiteTeamCountry "NAM"]
[BlackTeamCountry "MRI"]
[TimeControl "900+10"]

1. c4 {[%emt 0:00:00]} d5 {[%emt 0:00:03]} 2. cxd5 {[%emt 0:00:00]} Qxd5 {[%emt 0:00:11]} 3. Nc3 {[%emt 0:00:00]} Qd8 {[%emt 0:00:14]} 4. g3 {[%emt 0:00:07]} e5 {[%emt 0:00:23]} 5. Bg2 {[%emt 0:00:02]} Nc6 {[%emt 0:00:10]} 6. d3 {[%emt 0:00:22]} Bd6 {[%emt 0:00:44]} 7. Nf3 {[%emt 0:00:24]} Nge7 {[%emt 0:00:22]} 8. O-O {[%emt 0:00:29]} Be6 {[%emt 0:00:20]} 9. a3 {[%emt 0:00:38]} Qd7 {[%emt 0:00:04]} 10. Ne4 {[%emt 0:00:25]} O-O-O {[%emt 0:00:33]} 11. Nxd6+ {[%emt 0:00:40]} cxd6 {[%emt 0:00:28]} 12. Qc2 {[%emt 0:00:06]} Kb8 {[%emt 0:01:11]} 13. Be3 {[%emt 0:00:22]} f5 {[%emt 0:00:24]} 14. Qa4 {[%emt 0:00:49]} Rc8 {[%emt 0:01:46]} 15. Rac1 {[%emt 0:02:23]} d5 {[%emt 0:01:36]} 16. Nxe5 {[%emt 0:01:00]} Qc7 {[%emt 0:01:35]} 17. Nxc6+ {[%emt 0:00:23]} bxc6 {[%emt 0:01:36]} 18. Bf4 {[%emt 0:00:10]} Ka8 {[%emt 0:01:50]} 19. Bxc7 {[%emt 0:00:09]} Rxc7 {[%emt 0:00:11]} 20. Rc5 {[%emt 0:00:37]} Rb8 {[%emt 0:01:06]} 21. b4 {[%emt 0:00:26]} Bd7 {[%emt 0:00:50]} 22. Qc2 {[%emt 0:00:12]} Rb6 {[%emt 0:00:28]} 23. e4 {[%emt 0:00:14]} Rb5 {[%emt 0:00:42]} 24. Rxb5 {[%emt 0:00:07]} 1-0

[Event "African Games-chT 2019"]
[Site "Casablanca"]
[Date "2019.08.25"]
[Round "7.28"]
[White "Beekhy, Aamirah"]
[Black "Mentile, Lishen"]
[Result "0-1"]
[WhiteElo "1373"]
[BlackElo "1513"]
[Annotator "NA"]
[PlyCount "91"]
[EventDate "2019.08.24"]
[EventType "team-tourn"]
[EventCountry "MAR"]
[SourceTitle "playchess.com"]
[Source "ChessBase"]
[SourceQuality "1"]
[WhiteTeam "Mauritius"]
[BlackTeam "Namibia"]
[WhiteTeamCountry "MRI"]
[BlackTeamCountry "NAM"]
[TimeControl "900+10"]

1. d4 {[%emt 0:00:00]} d5 {[%emt 0:00:00]} 2. Nf3 {[%emt 0:00:00]} Nf6 {[%emt 0:00:00]} 3. h3 {[%emt 0:00:01]} Nc6 {[%emt 0:00:01]} 4. Bf4 {[%emt 0:00:03]} h6 {[%emt 0:00:08]} 5. e3 {[%emt 0:00:03]} a6 {[%emt 0:00:23]} 6. Be2 {[%emt 0:00:06]} Bf5 {[%emt 0:00:27]} 7. O-O {[%emt 0:00:28]} e6 {[%emt 0:00:03]} 8. a3 {[%emt 0:00:37]} Bd6 {[%emt 0:00:28]} 9. Bxd6 {[%emt 0:01:52]} cxd6 {[%emt 0:00:02]} 10. Nh4 {[%emt 0:01:50]} Bh7 {[%emt 0:00:16]} 11. c4 {[%emt 0:00:12]} dxc4 {[%emt 0:00:54]} 12. Bxc4 {[%emt 0:00:19]} Ne4 {[%emt 0:00:01]} 13. Nf3 {[%emt 0:00:20]} O-O {[%emt 0:01:12]} 14. Nc3 {[%emt 0:00:46]} d5 {[%emt 0:02:34]} 15. Bd3 {[%emt 0:01:02]} Nf6 {[%emt 0:00:24]} 16. Qc2 {[%emt 0:03:01]} Bxd3 {[%emt 0:01:34]} 17. Qxd3 {[%emt 0:00:12]} Qd6 {[%emt 0:00:30]} 18. Rac1 {[%emt 0:00:26]} Na5 {[%emt 0:01:04]} 19. Ne5 Rac8 {[%emt 0:00:41]} 20. Rfd1 {[%emt 0:03:55]} Rc7 {[%emt 0:01:26]} 21. Na4 {[%emt 0:00:46]} Rfc8 {[%emt 0:00:19]} 22. Qd2 {[%emt 0:00:52]} Nb3 {[%emt 0:01:00]} 23. Rxc7 {[%emt 0:01:18]} Rxc7 {[%emt 0:01:51]} 24. Qd3 {[%emt 0:00:33]} Na5 {[%emt 0:00:28]} 25. Nc5 Nc6 {[%emt 0:00:49]} 26. f4 {[%emt 0:00:23]} Qe7 {[%emt 0:01:14]} 27. Rc1 {[%emt 0:00:08]} Nb8 {[%emt 0:00:38]} 28. b4 {[%emt 0:00:12]} b6 {[%emt 0:00:01]} 29. Nb3 {[%emt 0:00:05]} Rxc1+ {[%emt 0:00:02]} 30. Nxc1 b5 {[%emt 0:00:08]} 31. Kf2 {[%emt 0:00:14]} Qc7 {[%emt 0:00:00]} 32. Nb3 {[%emt 0:00:13]} Ne4+ 33. Kf3 {[%emt 0:00:14]} Nc6 {[%emt 0:00:49]} 34. Nd2 {[%emt 0:00:05]} Nxe5+ {[%emt 0:00:33]} 35. dxe5 {[%emt 0:00:16]} Nxd2+ {[%emt 0:00:02]} 36. Qxd2 {[%emt 0:00:11]} Qc4 {[%emt 0:00:00]} 37. Kf2 {[%emt 0:00:16]} Kf8 {[%emt 0:00:05]} 38. g4 {[%emt 0:00:03]} Ke7 {[%emt 0:00:07]} 39. Kg3 Qe4 {[%emt 0:00:33]} 40. Qc1 {[%emt 0:00:18]} Qc4 {[%emt 0:00:02]} 41. Qd2 {[%emt 0:00:13]} f6 {[%emt 0:00:13]} 42. exf6+ Kxf6 {[%emt 0:00:02]} 43. h4 {[%emt 0:00:18]} g6 {[%emt 0:00:15]} 44. Qf2 {[%emt 0:00:16]} Qd3 {[%emt 0:00:07]} 45. g5+ {[%emt 0:00:10]} hxg5 {[%emt 0:00:01]} 46. fxg5+ {[%emt 0:00:00] Qf5 Qxf5+ Kxf5 Kf3 e5 Kg3 d4 exd4 exd4 Kf3 d3 Ke3 Kg4 Kxd3 Kxh4 Ke3 Kxg5 Kf3 Kh4 Kg2 Kg4 Kf2 Kh3 Kg1 Kg3 Kh1 g5 Kg1 g4 Kh1 Kf2 Kh2 g3+ Kh1 g2+} 0-1

[Event "African Games-chT 2019"]
[Site "Casablanca"]
[Date "2019.08.25"]
[Round "7.29"]
[White "Mwale, Joseph"]
[Black "Asante Debesai Zerabruk"]
[Result "1-0"]
[WhiteElo "2231"]
[BlackElo "1712"]
[Annotator "ChessBase"]
[PlyCount "67"]
[EventDate "2019.08.24"]
[EventType "team-tourn"]
[EventCountry "MAR"]
[SourceTitle "playchess.com"]
[Source "ChessBase"]
[SourceQuality "1"]
[WhiteTeam "MAW"]
[BlackTeam "Eritrea"]
[BlackTeamCountry "ERI"]
[TimeControl "900+10"]

1. d4 {[%emt 0:00:00]} Nf6 {[%emt 0:00:00]} 2. c4 {[%emt 0:00:00]} e6 {[%emt 0:00:00]} 3. g3 {[%emt 0:00:00]} d5 {[%emt 0:00:24]} 4. Bg2 {[%emt 0:00:00]} Be7 {[%emt 0:00:02]} 5. Nf3 {[%emt 0:00:00]} O-O {[%emt 0:00:09]} 6. O-O {[%emt 0:00:00]} c5 {[%emt 0:00:13]} 7. cxd5 {[%emt 0:00:30]} Nxd5 {[%emt 0:00:08]} 8. Nc3 {[%emt 0:00:29]} Nxc3 {[%emt 0:00:49]} 9. bxc3 {[%emt 0:00:02]} Qc7 {[%emt 0:00:06]} 10. e4 {[%emt 0:00:12]} Rd8 {[%emt 0:00:11]} 11. Bf4 {[%emt 0:00:08]} Qa5 {[%emt 0:00:49]} 12. Qb3 {[%emt 0:00:08]} b5 {[%emt 0:00:47]} 13. dxc5 {[%emt 0:00:25]} Bxc5 {[%emt 0:00:13]} 14. Rad1 {[%emt 0:00:15]} a6 {[%emt 0:02:02]} 15. Rxd8+ {[%emt 0:03:11]} Qxd8 {[%emt 0:00:02]} 16. a4 {[%emt 0:01:15]} Qb6 {[%emt 0:00:24]} 17. Nd4 {[%emt 0:00:47]} Bd7 {[%emt 0:02:29]} 18. e5 {[%emt 0:00:43]} Bc6 {[%emt 0:00:54]} 19. a5 {[%emt 0:00:54]} Qc7 {[%emt 0:00:36]} 20. Rd1 {[%emt 0:03:21]} Bxg2 {[%emt 0:00:31]} 21. Nxe6 {[%emt 0:01:15]} fxe6 {[%emt 0:03:58]} 22. Qxe6+ {[%emt 0:00:02]} Kf8 {[%emt 0:00:01]} 23. Qf5+ {[%emt 0:00:31]} Kg8 {[%emt 0:00:48]} 24. Qe6+ {[%emt 0:00:17]} Kf8 {[%emt 0:00:07]} 25. Qf5+ {[%emt 0:00:15]} Kg8 {[%emt 0:00:02]} 26. Kxg2 {[%emt 0:00:01]} Ra7 {[%emt 0:01:29]} 27. e6 {[%emt 0:00:37]} Qe7 {[%emt 0:00:32]} 28. Bxb8 {[%emt 0:00:29]} Qb7+ {[%emt 0:00:01]} 29. f3 {[%emt 0:00:01]} Qxb8 {[%emt 0:00:07]} 30. Qxc5 {[%emt 0:00:01]} Rc7 {[%emt 0:00:17]} 31. Qd5 {[%emt 0:00:14]} Kf8 {[%emt 0:00:21]} 32. Qf5+ {[%emt 0:00:20]} Kg8 {[%emt 0:00:07]} 33. Qg5 {[%emt 0:00:02]} Kf8 {[%emt 0:00:14]} 34. Rd8+ {[%emt 0:00:02]} 1-0